000 00888nam a2200253Ia 4500
003 OSt
005 20220923225249.0
006 a|||||r|||| 00| 0
007 ta
008 220922b |||||||| |||| 00| 0 hin d
024 _a261,672
037 _cTextual
040 _aARTS
_cARTS
_bhin
041 _2hin
_ahin
082 _aO152,3N05,TY, K3
100 _aजैनेन्द्र कुमार
245 0 _aत्याग पत्र
_b मौलिक सामाजिक उपन्यास
246 _aTyāg patra: maulik sāmājik upanyāsa
260 _aदिल्ली
_b पूर्वोदय प्रकाशन
_c1963
300 _a100पृ.
_ccm.
650 _aहिन्दी साहित्य
_9156264
942 _hO152,3N05,TY, K3
_cTEXL
_2CC
999 _c377135
_d377135